Cây cảnh Nam Bộ /

محفوظ في:
التفاصيل البيبلوغرافية
المؤلف الرئيسي: Mai Lý.
التنسيق: مقال
اللغة:Vietnamese
الموضوعات:
الوسوم: إضافة وسم
لا توجد وسوم, كن أول من يضع وسما على هذه التسجيلة!
Thư viện lưu trữ: Thư viện Trường Đại học Đà Lạt
LEADER 00698nam a2200265 4500
001 DLU100104504
005 ##20100311
040 # # |a DLU  |b vie 
041 # # |a vie 
044 # # |a vn 
100 # # |a Mai Lý. 
245 # # |a Cây cảnh Nam Bộ /  |c Mai Lý. 
653 # # |a Cây cảnh 
653 # # |a Nghề trồng cây cảnh 
653 # # |a Nghệ nhân 
773 # # |t Nhân dân hàng tháng  |g Số1(129), 2008, tr. 11 
920 # # |a Phòng Tạp chí -- Trung tâm Thông tin - Thư viện Trường Đại học Đà Lạt 
994 # # |a DLU 
900 # # |a True 
911 # # |a Nguyễn Thị Linh Chi 
925 # # |a G 
926 # # |a A 
927 # # |a BB 
980 # # |a Thư viện Trường Đại học Đà Lạt